000 00856cam a2200277 a 4500
001 15133464
003 OSt
005 20160229153455.0
008 080109s2008 nyu 000 1 eng
010 _a 2008000934
020 _a9780375424489
040 _aSEKU
042 _apcc
043 _af-bs---
050 1 0 _aPR 6063 .C32
_bM53 2008
100 1 _aMcCall Smith, Alexander,
_d1948-
245 1 4 _aThe miracle at Speedy Motors /
_cAlexander McCall Smith.
260 _aNew York :
_bPantheon Books,
_cc2008.
300 _a214 p. ;
_c22 cm.
650 0 _aRamotswe, Precious (Fictitious character)
_vFiction.
650 0 _aNo. 1 Ladies' Detective Agency (Imaginary organization)
_vFiction.
650 0 _aWomen private investigators
_zBotswana
_vFiction.
651 0 _aBotswana
_vFiction.
655 7 _aMystery fiction.
_2gsafd
942 _2lcc
_cGEN
999 _c11641
_d11641